[Event "DEM U12 2017"]
[Site "Willingen GER"]
[Date "2017.06.06"]
[Round "5"]
[White "Laux, Dominik"]
[Black "Kosev, Momchil"]
[Result "1-0"]
[Termination "normal"]
[Board "10"]
[WhiteElo "1759"]
[BlackElo "1757"]
[WhiteClock "00:35:55"]
[BlackClock "00:16:40"]
[PlyCount "53"]
[WhiteFideId "12994219"]
[BlackFideId "12975982"]
[EventCountry "GER"]
[EventRounds "11"]
[EventType "swiss"]
[EventDate "2017.06.03"]

1. d4 {[%clk 1:15:59]} 1... Nf6 {[%clk 1:15:56]} 2. Bf4 {[%clk 1:16:24]} 2...
b6 {[%clk 1:14:58]} 3. e3 {[%clk 1:15:42]} 3... Bb7 {[%clk 1:15:06]} 4. Nf3 {
[%clk 1:15:35]} 4... e6 {[%clk 1:14:55]} 5. Bd3 {[%clk 1:15:30]} 5... Be7 {
[%clk 1:12:53]} 6. Nbd2 {[%clk 1:13:50]} 6... d5 {[%clk 1:10:25]} 7. c3 { [%clk
1:11:24]} 7... Nbd7 {[%clk 1:04:51]} 8. Ne5 {[%clk 1:08:55]} 8... a6 { [%clk
0:57:23]} 9. O-O {[%clk 1:07:40]} 9... O-O {[%clk 0:56:54]} 10. Re1 { [%clk
1:05:39]} 10... c5 {[%clk 0:53:41]} 11. a3 {[%clk 1:03:27]} 11... b5 { [%clk
0:51:53]} 12. e4 {[%clk 1:02:21]} 12... cxd4 {[%clk 0:50:44]} 13. cxd4 { [%clk
1:02:30]} 13... dxe4 {[%clk 0:50:39]} 14. Nxe4 {[%clk 1:02:34]} 14... Nxe4
{[%clk 0:48:38]} 15. Bxe4 {[%clk 1:02:30]} 15... Bxe4 {[%clk 0:48:05]} 16. Rxe4
{[%clk 1:02:51]} 16... Nf6 {[%clk 0:48:25]} 17. Re2 {[%clk 1:01:43]} 17... Rc8
{[%clk 0:48:33]} 18. Be3 {[%clk 0:54:16]} 18... Qd5 {[%clk 0:47:35]} 19. Rc1
{[%clk 0:51:45]} 19... Rfd8 {[%clk 0:40:27]} 20. Rec2 {[%clk 0:46:41]} 20...
Rxc2 {[%clk 0:34:26]} 21. Qxc2 {[%clk 0:45:59]} 21... Bf8 {[%clk 0:30:56] } 22.
Qc7 {[%clk 0:45:07]} 22... b4 {[%clk 0:23:45]} 23. Qxf7+ {[%clk 0:42:20]} 23...
Kh8 {[%clk 0:24:05]} 24. axb4 {[%clk 0:39:32]} 24... Bxb4 {[%clk 0:21:19] } 25.
Rc7 {[%clk 0:37:02]} 25... Bf8 {[%clk 0:21:02]} 26. Bh6 {[%clk 0:36:06]} 26...
Nd7 {[%clk 0:16:40]} 27. Rxd7 {[%clk 0:35:55]} 1-0

[Event "DEM U12 2017"]
[Site "Willingen GER"]
[Date "2017.06.06"]
[Round "5"]
[White "Bethke, Richard"]
[Black "Frank, Marek"]
[Result "1-0"]
[Termination "normal"]
[Board "11"]
[WhiteElo "2223"]
[BlackElo "1639"]
[WhiteClock "00:10:16"]
[BlackClock "00:11:43"]
[PlyCount "107"]
[WhiteFideId "12959243"]
[BlackFideId "16239520"]
[EventCountry "GER"]
[EventRounds "11"]
[EventType "swiss"]
[EventDate "2017.06.03"]

1. e4 {[%clk 1:15:51]} 1... c5 {[%clk 1:15:46]} 2. Nf3 {[%clk 1:16:08]} 2...
Nc6 {[%clk 1:15:52]} 3. d4 {[%clk 1:16:32]} 3... cxd4 {[%clk 1:16:16]} 4. Nxd4
{[%clk 1:16:54]} 4... g6 {[%clk 1:16:24]} 5. Be2 {[%clk 1:16:08]} 5... Bg7 {
[%clk 1:16:03]} 6. Nb3 {[%clk 1:16:30]} 6... Nf6 {[%clk 1:15:45]} 7. Nc3 {
[%clk 1:16:53]} 7... O-O {[%clk 1:15:44]} 8. O-O {[%clk 1:17:17]} 8... d6 {
[%clk 1:15:12]} 9. Bg5 {[%clk 1:17:41]} 9... a6 {[%clk 1:14:33]} 10. f4 { [%clk
1:17:49]} 10... b5 {[%clk 1:12:24]} 11. Bf3 {[%clk 1:18:13]} 11... Bb7 { [%clk
1:10:20]} 12. Nd5 {[%clk 1:09:55]} 12... Nxd5 {[%clk 1:09:15]} 13. exd5 { [%clk
1:10:18]} 13... Nb8 {[%clk 1:09:01]} 14. c3 {[%clk 1:06:40]} 14... Nd7 { [%clk
1:08:13]} 15. Re1 {[%clk 1:05:09]} 15... Nf6 {[%clk 1:06:55]} 16. Qd3 { [%clk
1:03:10]} 16... Rc8 {[%clk 1:02:50]} 17. f5 {[%clk 0:49:10]} 17... Re8 { [%clk
0:57:10]} 18. Kh1 {[%clk 0:47:52]} 18... Qc7 {[%clk 0:53:24]} 19. Rad1 { [%clk
0:46:45]} 19... Qd7 {[%clk 0:49:59]} 20. fxg6 {[%clk 0:46:20]} 20... hxg6
{[%clk 0:50:04]} 21. Na5 {[%clk 0:43:46]} 21... Ba8 {[%clk 0:49:31]} 22. Nc6 {
[%clk 0:33:43]} 22... Bxc6 {[%clk 0:47:10]} 23. dxc6 {[%clk 0:34:02]} 23... Qc7
{[%clk 0:47:04]} 24. a4 {[%clk 0:28:04]} 24... Rb8 {[%clk 0:45:37]} 25. b4 {
[%clk 0:27:17]} 25... Red8 {[%clk 0:38:01]} 26. Qe3 {[%clk 0:23:15]} 26... e6 {
[%clk 0:33:34]} 27. Qf4 {[%clk 0:23:06]} 27... Ne8 {[%clk 0:30:23]} 28. Bxd8 {
[%clk 0:23:28]} 28... Rxd8 {[%clk 0:30:44]} 29. axb5 {[%clk 0:22:39]} 29...
axb5 {[%clk 0:30:53]} 30. c4 {[%clk 0:22:03]} 30... bxc4 {[%clk 0:29:35]} 31.
Qxc4 {[%clk 0:22:24]} 31... d5 {[%clk 0:29:44]} 32. Qc2 {[%clk 0:20:14]} 32...
Nd6 {[%clk 0:28:57]} 33. Bxd5 {[%clk 0:13:50]} 33... exd5 {[%clk 0:28:59]} 34.
Rxd5 {[%clk 0:14:12]} 34... Rc8 {[%clk 0:28:37]} 35. b5 {[%clk 0:14:06]} 35...
Nxb5 {[%clk 0:27:24]} 36. Rxb5 {[%clk 0:14:29]} 36... Qxc6 {[%clk 0:27:48]} 37.
Qxc6 {[%clk 0:14:37]} 37... Rxc6 {[%clk 0:28:12]} 38. h3 {[%clk 0:14:46]} 38...
Bh6 {[%clk 0:25:58]} 39. Rf1 {[%clk 0:14:25]} 39... Rc7 {[%clk 0:25:34]} 40.
Kh2 {[%clk 0:14:40]} 40... Bf8 {[%clk 0:24:52]} 41. Rd5 {[%clk 0:13:01]} 41...
Kg7 {[%clk 0:23:49]} 42. Kg3 {[%clk 0:10:58]} 42... Be7 {[%clk 0:22:53]} 43.
Rfd1 {[%clk 0:10:50]} 43... Rc3+ {[%clk 0:20:24]} 44. R1d3 {[%clk 0:10:43]}
44... Rc2 {[%clk 0:18:46]} 45. Rd7 {[%clk 0:10:19]} 45... Bf6 {[%clk 0:18:09]}
46. Ra3 {[%clk 0:10:05]} 46... Rc1 {[%clk 0:16:27]} 47. Raa7 {[%clk 0:09:10]}
47... Be5+ {[%clk 0:16:27]} 48. Kf2 {[%clk 0:09:21]} 48... Rc2+ {[%clk 0:14:03]
} 49. Kf3 {[%clk 0:09:43]} 49... Rc1 {[%clk 0:12:48]} 50. Rxf7+ {[%clk 0:10:03]
} 50... Kh6 {[%clk 0:11:48]} 51. h4 {[%clk 0:09:34]} 51... Rf1+ {[%clk 0:11:38]
} 52. Kg4 {[%clk 0:09:53]} 52... Rxf7 {[%clk 0:11:30]} 53. Rxf7 {[%clk 0:10:16]
} 53... Bc3 {[%clk 0:11:43]} 54. Rc7 1-0

[Event "DEM U12 2017"]
[Site "Willingen GER"]
[Date "2017.06.06"]
[Round "5"]
[White "Danninger, Jannik"]
[Black "Lutz, Adam"]
[Result "0-1"]
[Termination "normal"]
[Board "12"]
[WhiteElo "1642"]
[BlackElo "1787"]
[WhiteClock "00:36:01"]
[BlackClock "00:39:25"]
[PlyCount "62"]
[WhiteFideId "16226402"]
[BlackFideId "16226615"]
[EventCountry "GER"]
[EventRounds "11"]
[EventType "swiss"]
[EventDate "2017.06.03"]

1. e4 {[%clk 1:15:59]} 1... c5 {[%clk 1:15:55]} 2. Nf3 {[%clk 1:16:23]} 2... e6
{[%clk 1:16:22]} 3. d4 {[%clk 1:16:36]} 3... cxd4 {[%clk 1:16:48]} 4. Nxd4 {
[%clk 1:16:58]} 4... Nf6 {[%clk 1:17:14]} 5. Nc3 {[%clk 1:17:13]} 5... d6 {
[%clk 1:17:40]} 6. Be3 {[%clk 1:17:27]} 6... a6 {[%clk 1:17:45]} 7. Be2 { [%clk
1:17:43]} 7... Be7 {[%clk 1:17:45]} 8. O-O {[%clk 1:18:03]} 8... O-O { [%clk
1:18:06]} 9. f4 {[%clk 1:18:30]} 9... Qc7 {[%clk 1:17:03]} 10. Kh1 { [%clk
1:18:31]} 10... Bd7 {[%clk 1:16:01]} 11. g4 {[%clk 1:18:12]} 11... Bc6 { [%clk
1:11:55]} 12. Nxc6 {[%clk 1:17:51]} 12... Nxc6 {[%clk 1:12:14]} 13. g5 { [%clk
1:18:03]} 13... Nd7 {[%clk 1:12:24]} 14. f5 {[%clk 1:17:10]} 14... Rfe8 { [%clk
1:08:26]} 15. Qe1 {[%clk 1:13:20]} 15... Nce5 {[%clk 1:06:27]} 16. Qg3 { [%clk
1:08:23]} 16... b5 {[%clk 1:05:56]} 17. f6 {[%clk 1:03:09]} 17... Bf8 { [%clk
1:04:48]} 18. a3 {[%clk 1:00:55]} 18... Rac8 {[%clk 0:59:06]} 19. Bh5 { [%clk
0:58:39]} 19... g6 {[%clk 0:58:33]} 20. Be2 {[%clk 0:57:27]} 20... Qb7 { [%clk
0:55:30]} 21. Qh4 {[%clk 0:56:02]} 21... d5 {[%clk 0:55:20]} 22. Bf3 { [%clk
0:54:38]} 22... Rc4 {[%clk 0:48:43]} 23. Be2 {[%clk 0:52:03]} 23... Rec8 {[%clk
0:44:53]} 24. Bxc4 {[%clk 0:50:21]} 24... Rxc4 {[%clk 0:42:42]} 25. Rf4 {[%clk
0:48:13]} 25... d4 {[%clk 0:42:45]} 26. Qh3 {[%clk 0:47:00]} 26... dxc3 {[%clk
0:42:35]} 27. Qg2 {[%clk 0:39:31]} 27... cxb2 {[%clk 0:39:45]} 28. Re1 { [%clk
0:39:21]} 28... Qc6 {[%clk 0:39:14]} 29. c3 {[%clk 0:37:03]} 29... Nd3 { [%clk
0:39:22]} 30. Rh4 {[%clk 0:35:45]} 30... Nxe1 {[%clk 0:39:18]} 31. Qxb2 { [%clk
0:36:01]} 31... Rxe4 {[%clk 0:39:25]} 0-1

[Event "DEM U12 2017"]
[Site "Willingen GER"]
[Date "2017.06.06"]
[Round "5"]
[White "Rössel, Gino"]
[Black "Eilenberg, Jonas"]
[Result "1/2-1/2"]
[Termination "normal"]
[Board "14"]
[WhiteElo "1714"]
[BlackElo "1650"]
[PlyCount "86"]
[WhiteFideId "16203070"]
[BlackFideId "16204271"]
[EventCountry "GER"]
[EventRounds "11"]
[EventType "swiss"]
[EventDate "2017.06.03"]

1. e4 e6 2. d4 d5 3. Nc3 Nf6 4. e5 Nfd7 5. f4 c5 6. Nf3 Nc6 7. Be3 Be7 8. g3 h5
9. h4 a6 10. Bh3 cxd4 11. Nxd4 Qc7 12. O-O Bc5 13. Qd3 Ndxe5 14. fxe5 Qxe5 15.
Nce2 g5 16. hxg5 h4 17. g4 Bd7 18. c3 O-O-O 19. Bf2 Bd6 20. Nf3 Qg7 21. c4 Be8
22. cxd5 exd5 23. Qc3 Qg8 24. Bd4 Rh7 25. Bf6 Rd7 26. g6 Qxg6 27. g5 Kb8 28.
Bxd7 Bxd7 29. Ne5 Nxe5 30. Nf4 Qg8 31. Rae1 Nc6 32. Nxd5 h3 33. a3 h2+ 34. Kh1
Rh3 35. Re3 Rh7 36. Re2 Qg6 37. Rff2 Be6 38. Ne3 Rh3 39. Qe1 Bg3 40. Ng2 Bxf2
41. Qxf2 Qh7 42. Nf4 Rd3 43. Qxh2 Qxh2+ 1/2-1/2

[Event "DEM U12 2017"]
[Site "Willingen GER"]
[Date "2017.06.06"]
[Round "5"]
[White "Schubert, Nikita"]
[Black "Mailitis, Ricardo"]
[Result "1/2-1/2"]
[Termination "normal"]
[Board "15"]
[WhiteElo "1788"]
[BlackElo "1633"]
[PlyCount "58"]
[WhiteFideId "16212339"]
[BlackFideId "12977535"]
[EventCountry "GER"]
[EventRounds "11"]
[EventType "swiss"]
[EventDate "2017.06.03"]

1. d4 c5 2. d5 e5 3. e4 d6 4. Nc3 Be7 5. Nf3 Bg4 6. h3 Bxf3 7. Qxf3 Bg5 8. Bxg5
Qxg5 9. Nb5 Qd8 10. a4 a6 11. Nc3 Ne7 12. Bd3 Ng6 13. g3 Nd7 14. O-O Qg5 15.
Kh2 Nf6 16. Rg1 h5 17. Be2 O-O-O 18. Rab1 h4 19. gxh4 Qf4+ 20. Kh1 Qxf3+ 21.
Bxf3 Nf4 22. Kh2 g5 23. Nd1 Nd7 24. Ne3 a5 25. Nc4 Kc7 26. Rge1 b6 27. Be2 Nb8
28. Bf1 Rh6 29. Ne3 Kb7 1/2-1/2

[Event "DEM U12 2017"]
[Site "Willingen GER"]
[Date "2017.06.06"]
[Round "5"]
[White "Joppich, Til"]
[Black "Mainka, Alwin"]
[Result "1-0"]
[Termination "normal"]
[Board "16"]
[WhiteElo "1661"]
[BlackElo "1579"]
[PlyCount "59"]
[WhiteFideId "16232917"]
[BlackFideId "16241177"]
[EventCountry "GER"]
[EventRounds "11"]
[EventType "swiss"]
[EventDate "2017.06.03"]

1. e4 e5 2. Nf3 Nf6 3. Nxe5 d6 4. Nf3 Nxe4 5. d4 d5 6. Bd3 Bd6 7. O-O O-O 8. c4
c6 9. Nc3 Nxc3 10. bxc3 Qc7 11. c5 Bf4 12. Qc2 h6 13. Re1 Bg4 14. Bxf4 Qxf4 15.
Ne5 Be6 16. Re3 Qf6 17. Rae1 Rd8 18. Ng6 Nd7 19. f4 Nf8 20. f5 Bxf5 21. Ne7+
Kh8 22. Nxf5 Ne6 23. Rf1 Rf8 24. Nd6 Qe7 25. Qf2 Kg8 26. Qf5 g6 27. Qf6 Qxf6
28. Rxf6 Kg7 29. Ref3 Ng5 30. Rf1 1-0

[Event "DEM U12 2017"]
[Site "Willingen GER"]
[Date "2017.06.06"]
[Round "5"]
[White "Neuber, Pascal"]
[Black "Zeuner, Ole"]
[Result "1-0"]
[Termination "normal"]
[Board "17"]
[WhiteElo "1632"]
[BlackElo "1764"]
[PlyCount "87"]
[WhiteFideId "16227611"]
[BlackFideId "12943576"]
[EventCountry "GER"]
[EventRounds "11"]
[EventType "swiss"]
[EventDate "2017.06.03"]

1. e4 c5 2. c4 Nc6 3. Nc3 d6 4. g3 g6 5. Nge2 Bg7 6. Bg2 e6 7. O-O Nf6 8. d3
O-O 9. a3 Qc7 10. Rb1 Rd8 11. Bf4 a6 12. b4 Nd4 13. Be3 Nxe2+ 14. Qxe2 Nd7 15.
Qd2 Rb8 16. Ne2 b6 17. Rfc1 Bb7 18. Nf4 Ne5 19. h3 Qe7 20. Ne2 f5 21. f4 Nf7
22. Nc3 Rf8 23. b5 a5 24. a4 Rbd8 25. Re1 Qc7 26. Rbd1 Rfe8 27. Bf2 Re7 28.
exf5 gxf5 29. g4 Ree8 30. gxf5 exf5 31. Bxb7 Bxc3 32. Qxc3 Qxb7 33. Kh2 Re7 34.
Bh4 Rxe1 35. Rxe1 Ne5 36. fxe5 Qf3 37. exd6 Rxd6 38. Qe5 Qxd3 39. Qe8+ Kg7 40.
Qe7+ Kg8 41. Rg1+ Rg6 42. Rxg6+ hxg6 43. Qd8+ Qxd8 44. Bxd8 1-0

[Event "DEM U12 2017"]
[Site "Willingen GER"]
[Date "2017.06.06"]
[Round "5"]
[White "Schauties, Nico Antonio"]
[Black "Lauterbach, Kolja"]
[Result "1-0"]
[Termination "normal"]
[Board "18"]
[WhiteElo "1711"]
[BlackElo "1358"]
[PlyCount "119"]
[WhiteFideId "16206371"]
[BlackFideId "16235916"]
[EventCountry "GER"]
[EventRounds "11"]
[EventType "swiss"]
[EventDate "2017.06.03"]

1. d4 Nf6 2. Nf3 g6 3. c4 Bg7 4. Nc3 O-O 5. e4 d6 6. Bd3 c5 7. d5 Nbd7 8. h3 a6
9. a3 Rb8 10. Qc2 Ne5 11. Nxe5 dxe5 12. Be3 Qc7 13. b4 b6 14. Rb1 Bd7 15. O-O
e6 16. Bg5 exd5 17. Nxd5 Nxd5 18. cxd5 Rfc8 19. bxc5 Qxc5 20. Qxc5 Rxc5 21.
Rfc1 Rxc1+ 22. Rxc1 Rc8 23. Bxa6 Ra8 24. Bb7 Ra7 25. Rc7 f6 26. Be3 Bb5 27.
Bxb6 Rxa3 28. Rc8+ Kf7 29. d6 Rd3 30. Bd5+ Rxd5 31. exd5 Bf8 32. Rc7+ Ke8 33.
Bc5 Bd7 34. Ra7 Bf5 35. d7+ Bxd7 36. Bxf8 Bf5 37. Bg7 Be4 38. d6 Bf5 39. Re7+
Kd8 40. Bxf6 e4 41. Rf7+ Ke8 42. Rg7 h5 43. Rg8+ Kf7 44. d7 Bxd7 45. Rg7+ Kxf6
46. Rxd7 Kf5 47. Rd6 Kg5 48. h4+ Kf5 49. Rd5+ Kf6 50. Rg5 Kf7 51. Re5 Kf6 52.
Rxe4 Kf5 53. Ra4 Kf6 54. f3 Kf5 55. Ra6 g5 56. Ra5+ Kg6 57. Rxg5+ Kh6 58. f4
Kh7 59. f5 Kh6 60. f6 1-0

[Event "DEM U12 2017"]
[Site "Willingen GER"]
[Date "2017.06.06"]
[Round "5"]
[White "Pixa, Karl"]
[Black "Farokhi, Keyvan"]
[Result "1/2-1/2"]
[Termination "normal"]
[Board "19"]
[WhiteElo "1496"]
[BlackElo "1735"]
[PlyCount "77"]
[WhiteFideId "16240480"]
[BlackFideId "12998630"]
[EventCountry "GER"]
[EventRounds "11"]
[EventType "swiss"]
[EventDate "2017.06.03"]

1. d4 Nf6 2. c4 g6 3. Nc3 Bg7 4. e4 d6 5. Be2 O-O 6. Bg5 e5 7. dxe5 dxe5 8.
Qxd8 Rxd8 9. Nd5 Rxd5 10. exd5 Bf5 11. f3 Nbd7 12. b3 e4 13. Rd1 exf3 14. gxf3
Re8 15. Kf2 h6 16. Bf4 Ne5 17. Bxe5 Rxe5 18. Bd3 Bf8 19. Bxf5 Rxf5 20. Ne2 Ng4+
21. Kg3 Ne3 22. Rd3 Bc5 23. Nd4 Rg5+ 24. Kf2 Nc2 25. Rhd1 Rf5 26. Kg2 Nxd4 27.
Rxd4 Bxd4 28. Rxd4 Rg5+ 29. Rg4 Re5 30. Re4 Rg5+ 31. Rg4 Rxg4+ 32. fxg4 Kg7 33.
Kf3 Kf6 34. Kf4 Ke7 35. b4 Kd6 36. Ke4 b6 37. h3 f6 38. h4 c6 39. h5 1/2-1/2

[Event "DEM U12 2017"]
[Site "Willingen GER"]
[Date "2017.06.06"]
[Round "5"]
[White "Haufe, Laurin"]
[Black "Marschall, Tillmann"]
[Result "1/2-1/2"]
[Termination "normal"]
[Board "20"]
[WhiteElo "1665"]
[BlackElo "1613"]
[PlyCount "89"]
[WhiteFideId "12976504"]
[BlackFideId "12973220"]
[EventCountry "GER"]
[EventRounds "11"]
[EventType "swiss"]
[EventDate "2017.06.03"]

1. e4 e6 2. d4 d5 3. exd5 exd5 4. Nf3 Bd6 5. c4 dxc4 6. Bxc4 Nf6 7. O-O O-O 8.
Nc3 Bg4 9. Bg5 Nc6 10. Nb5 a6 11. Nxd6 Qxd6 12. Bxf6 Qxf6 13. d5 Ne5 14. Be2
Nxf3+ 15. Bxf3 Bxf3 16. Qxf3 Qxf3 17. gxf3 Rfd8 18. Rac1 Rac8 19. Rc5 b6 20.
Rc6 Rxd5 21. Rfc1 Kf8 22. Rxb6 Ra5 23. a3 Ke7 24. Rbc6 Kd7 25. R1c3 Rb5 26.
Rxa6 Rxb2 27. Rd3+ Ke7 28. Ra7 Rbb8 29. Ra4 c5 30. Re4+ Kf8 31. Rd7 c4 32. Ree7
c3 33. Rxf7+ Kg8 34. Rxg7+ Kh8 35. Rxh7+ Kg8 36. Rdg7+ Kf8 37. Rf7+ Kg8 38.
Rfg7+ Kf8 39. Rc7 Kg8 40. Kg2 c2 41. Rcg7+ Kf8 42. Rc7 Kg8 43. Rcg7+ Kf8 44.
Rd7 Kg8 45. Rdg7+ 1/2-1/2

[Event "DEM U12 2017"]
[Site "Willingen GER"]
[Date "2017.06.06"]
[Round "5"]
[White "Müller, Magnus"]
[Black "Rashba, David"]
[Result "1-0"]
[Termination "normal"]
[Board "21"]
[WhiteElo "1599"]
[BlackElo "1508"]
[PlyCount "119"]
[WhiteFideId "16230060"]
[BlackFideId "16205499"]
[EventCountry "GER"]
[EventRounds "11"]
[EventType "swiss"]
[EventDate "2017.06.03"]

1. e4 c6 2. d4 d5 3. Nc3 dxe4 4. Nxe4 Bf5 5. Ng3 Bg6 6. h4 h6 7. Nh3 e6 8. Nf4
Bh7 9. Bc4 Be7 10. Ngh5 Bf6 11. c3 Qe7 12. O-O g5 13. Nh3 gxh4 14. Re1 Nd7 15.
a4 Nb6 16. Bb3 Nd5 17. Bxd5 cxd5 18. N3f4 O-O-O 19. b4 Qc7 20. Bb2 Bg5 21. Nd3
Bxd3 22. Qxd3 Qc4 23. Qxc4+ dxc4 24. Re5 Rd5 25. Rae1 Kd7 26. Rxd5+ exd5 27.
Re5 Kd6 28. b5 Bf6 29. Ba3+ Kc7 30. Rf5 Bg5 31. Rxf7+ Kc8 32. Bd6 Bd2 33. Be5
Nf6 34. Nxf6 Bxc3 35. Nxd5 Ba5 36. Bxh8 c3 37. Nxc3 Bxc3 38. d5 Bxh8 39. Rf8+
Kd7 40. Rxh8 Kd6 41. Rxh6+ Kxd5 42. Rh7 b6 43. Rxa7 Kc5 44. Ra6 Kb4 45. Rxb6
Kxa4 46. Rh6 Kxb5 47. Rxh4 Kc5 48. Re4 Kd5 49. Re8 Kd6 50. g4 Kd7 51. Re1 Kd6
52. g5 Kd7 53. g6 Kd6 54. g7 Kd7 55. g8=Q Kd6 56. Qd8+ Kc6 57. Rc1+ Kb7 58.
Qc7+ Ka6 59. Qb8 Ka5 60. Ra1# 1-0

[Event "DEM U12 2017"]
[Site "Willingen GER"]
[Date "2017.06.06"]
[Round "5"]
[White "Großmann, Piet"]
[Black "von Krosigk, Florian"]
[Result "1/2-1/2"]
[Termination "normal"]
[Board "22"]
[WhiteElo "1608"]
[BlackElo "1627"]
[PlyCount "70"]
[WhiteFideId "16234359"]
[BlackFideId "16227808"]
[EventCountry "GER"]
[EventRounds "11"]
[EventType "swiss"]
[EventDate "2017.06.03"]

1. e4 c5 2. c3 d5 3. exd5 Qxd5 4. d4 Nf6 5. Nf3 e6 6. Be2 Be7 7. O-O O-O 8. Be3
cxd4 9. cxd4 Bb4 10. a3 Be7 11. Nc3 Qd8 12. h3 Nc6 13. Rc1 b6 14. b4 Bb7 15.
Qd2 Bd6 16. Rfd1 Ne7 17. Nb5 Ned5 18. Nxd6 Qxd6 19. Ne5 Rac8 20. Bf3 Rxc1 21.
Rxc1 Rc8 22. Rxc8+ Bxc8 23. Qc1 Bd7 24. Qc4 Kf8 25. Bg5 Ke7 26. Bxf6+ Kxf6 27.
Bxd5 exd5 28. Qd3 Bf5 29. Qf3 Ke6 30. g4 Bg6 31. Qe3 Be4 32. f3 f6 33. Kg2 fxe5
34. fxe4 dxe4 35. Qxe4 Qxd4 1/2-1/2

[Event "DEM U12 2017"]
[Site "Willingen GER"]
[Date "2017.06.06"]
[Round "5"]
[White "Chassard, Cedric"]
[Black "Sinnhöfer, Joshua"]
[Result "1/2-1/2"]
[Termination "normal"]
[Board "23"]
[WhiteElo "1290"]
[BlackElo "1540"]
[PlyCount "158"]
[WhiteFideId "16243536"]
[BlackFideId "16201361"]
[EventCountry "GER"]
[EventRounds "11"]
[EventType "swiss"]
[EventDate "2017.06.03"]

1. e4 c5 2. Bc4 Nc6 3. Nf3 Nf6 4. Nc3 e6 5. d3 d5 6. exd5 exd5 7. Qe2+ Be7 8.
Bb3 O-O 9. h3 Re8 10. O-O a6 11. a4 h6 12. Qd1 Be6 13. Ne2 Bd6 14. c3 c4 15.
Bc2 cxd3 16. Bxd3 Ne5 17. Nxe5 Bxe5 18. Bf4 Bxf4 19. Nxf4 Qb6 20. Qc2 Qc7 21.
Nxe6 fxe6 22. Rad1 Rad8 23. Be2 e5 24. Qb3 Kh8 25. Bf3 e4 26. Be2 e3 27. Bf3 e2
28. Bxe2 Rxe2 29. Rde1 Rde8 30. Rxe2 Rxe2 31. Qb4 Qe7 32. Qb6 Re1 33. Qa7 Rxf1+
34. Kxf1 Qc7 35. Qa8+ Kh7 36. Qa7 Ne4 37. Qd4 Qc4+ 38. Qxc4 Nd2+ 39. Ke2 Nxc4
40. b3 Ne5 41. Ke3 Nd7 42. Kd4 Nf6 43. Kc5 Ne4+ 44. Kxd5 Nxc3+ 45. Kc4 Nd1 46.
f3 Ne3+ 47. Kc5 Kg6 48. Kb6 Kf6 49. Kxb7 Ke6 50. Kxa6 Kd6 51. g3 Kc6 52. b4 Nc4
53. b5+ Kc7 54. a5 Kb8 55. b6 Nd6 56. f4 g6 57. g4 h5 58. gxh5 gxh5 59. f5 Nxf5
60. Kb5 Nd4+ 61. Kc5 Nb3+ 62. Kb5 Nd4+ 63. Kc4 Ne6 64. Kc3 Nf4 65. h4 Ng6 66.
Kd3 Nxh4 67. Ke3 Nf5+ 68. Kf2 Ne7 69. Kg3 Ng6 70. Kh3 Kb7 71. Kg3 h4+ 72. Kh3
Ka6 73. Kg4 Ne5+ 74. Kxh4 Nc4 75. b7 Kxb7 76. a6+ Ka8 77. a7 Na5 78. Kg4 Nc6
79. Kg3 Nxa7 1/2-1/2

[Event "DEM U12 2017"]
[Site "Willingen GER"]
[Date "2017.06.06"]
[Round "5"]
[White "Ljuca, Rijad"]
[Black "Gluma, Christian"]
[Result "1/2-1/2"]
[Termination "normal"]
[Board "24"]
[WhiteElo "1436"]
[BlackElo "1691"]
[PlyCount "141"]
[WhiteFideId "16216121"]
[BlackFideId "16223209"]
[EventCountry "GER"]
[EventRounds "11"]
[EventType "swiss"]
[EventDate "2017.06.03"]

1. d4 d5 2. c4 e6 3. Nc3 Nf6 4. Bg5 Be7 5. Nf3 h6 6. Bxf6 Bxf6 7. e3 O-O 8.
cxd5 exd5 9. Bd3 Re8 10. O-O c6 11. h3 Nd7 12. e4 Nb6 13. exd5 Nxd5 14. Re1 Be6
15. Nxd5 Qxd5 16. Ne5 Rad8 17. Bc4 Qxd4 18. Qxd4 Rxd4 19. Bxe6 Rxe6 20. Nf3 Rd5
21. Rxe6 fxe6 22. Rb1 Kf7 23. b3 Rc5 24. Ne1 Bg5 25. Kf1 Ke7 26. Ke2 Re5+ 27.
Kf1 Bd2 28. Nf3 Rd5 29. Rd1 Bc3 30. Rxd5 exd5 31. Ke2 Kd6 32. Ke3 Kc5 33. Kd3
Bf6 34. g4 g5 35. a3 a5 36. Ng1 Kd6 37. Ne2 Ke5 38. Ng3 Be7 39. a4 Bf8 40. Nf5
Kf4 41. Ke2 Ke4 42. h4 b5 43. hxg5 hxg5 44. axb5 cxb5 45. Ne3 d4 46. Nd1 a4 47.
bxa4 bxa4 48. f3+ Kd5 49. Kd2 a3 50. Kc2 Bb4 51. Kb3 Bd6 52. Nf2 Ke6 53. Nd3
Kd5 54. Nf2 Kc5 55. Ne4+ Kd5 56. Nxg5 d3 57. Ne4 Be7 58. g5 Bxg5 59. Kxa3 Bc1+
60. Kb3 Kd4 61. Kb4 Bf4 62. Kb3 Bc1 63. Kb4 Bb2 64. Kb3 Ba1 65. Kb4 Bb2 66. Kb3
Bc1 67. Kb4 Bf4 68. Kb3 Bc7 69. Kb4 Be5 70. Kb3 Kd5 71. Kb4 1/2-1/2

[Event "DEM U12 2017"]
[Site "Willingen GER"]
[Date "2017.06.06"]
[Round "5"]
[White "Weidenhöfer, Max"]
[Black "Stillbauer, Jan"]
[Result "0-1"]
[Termination "normal"]
[Board "26"]
[WhiteElo "1483"]
[BlackElo "1658"]
[PlyCount "86"]
[WhiteFideId "16230566"]
[BlackFideId "16239393"]
[EventCountry "GER"]
[EventRounds "11"]
[EventType "swiss"]
[EventDate "2017.06.03"]

1. e4 e5 2. Nf3 Nc6 3. Nc3 Nf6 4. d4 exd4 5. Nxd4 Bb4 6. Nxc6 bxc6 7. Bd3 O-O
8. O-O d5 9. exd5 cxd5 10. Bg5 c6 11. Qf3 Bxc3 12. bxc3 Rb8 13. Rab1 Rxb1 14.
Rxb1 Qd6 15. Bxf6 Qxf6 16. Qxf6 gxf6 17. Rb4 Re8 18. Kf1 Kg7 19. c4 c5 20. Ra4
dxc4 21. Bxc4 Re4 22. Bb3 c4 23. Rxa7 cxb3 24. cxb3 Be6 25. Ra4 Re5 26. f4 Rc5
27. g3 Rc2 28. Kg1 Kg6 29. Ra5 f5 30. h3 h5 31. h4 Rd2 32. Ra3 Bd5 33. b4 Rxa2
34. Rxa2 Bxa2 35. Kf2 Kf6 36. Ke3 Ke6 37. Kd4 Kd6 38. b5 Bd5 39. b6 Bf3 40. Ke3
Bg4 41. Kd4 Kc6 42. Ke5 Kxb6 43. Kf6 Kc5 0-1

[Event "DEM U12 2017"]
[Site "Willingen GER"]
[Date "2017.06.06"]
[Round "5"]
[White "Wildermuth, Nikolas Karl"]
[Black "Grabbel, Torben Frederik"]
[Result "1-0"]
[Termination "normal"]
[Board "27"]
[WhiteElo "1422"]
[BlackElo "1411"]
[PlyCount "145"]
[WhiteFideId "16244699"]
[BlackFideId "16219180"]
[EventCountry "GER"]
[EventRounds "11"]
[EventType "swiss"]
[EventDate "2017.06.03"]

1. e4 e5 2. Nf3 Nc6 3. Bb5 a6 4. Ba4 b5 5. Bb3 Nf6 6. O-O Bc5 7. d3 O-O 8. Bg5
h6 9. Bh4 Be7 10. c3 d6 11. Nbd2 Na5 12. Bc2 c5 13. Re1 Nc6 14. Nf1 Re8 15. Ne3
Bd7 16. h3 Rc8 17. Nh2 Be6 18. Bg3 b4 19. Nhg4 Nxg4 20. hxg4 bxc3 21. bxc3 Bf6
22. f3 Bg5 23. Bf2 Rb8 24. g3 Ne7 25. c4 Ng6 26. Bb3 Qc7 27. Kg2 Red8 28. Rh1
Ne7 29. Nd5 Nxd5 30. cxd5 Bd7 31. Be1 Be3 32. Bd2 Bd4 33. Rc1 Bb5 34. a4 Bd7
35. Bc4 Ra8 36. f4 Rdb8 37. g5 exf4 38. gxh6 g6 39. gxf4 Qc8 40. Bc3 Bxc3 41.
Rxc3 Rb2+ 42. Kg3 Rb4 43. h7+ Kh8 44. Qa1 Qf8 45. Rb3+ Qg7 46. Qxg7+ Kxg7 47.
Rxb4 cxb4 48. Bxa6 Bxa4 49. e5 dxe5 50. fxe5 Rh8 51. Rb1 b3 52. Bc4 Rxh7 53.
Bxb3 Bd7 54. Bc4 Rh3+ 55. Kf4 Rh4+ 56. Ke3 Rh5 57. Kd4 Rh4+ 58. Kc5 Rh5 59. Kd6
Bf5 60. Rb7 Rh8 61. e6 Rf8 62. e7 Rc8 63. Bb5 Kf6 64. e8=Q Rc2 65. Qe7+ Kg7 66.
Qxf7+ Kh6 67. Qf6 Kh5 68. Rh7+ Kg4 69. Qd4+ Kg3 70. Rh4 Rc8 71. Qf4+ Kg2 72.
Rh2+ Kg1 73. Qf2# 1-0